000
00317nam a2200133Ia 4500
008
240624s9999 xx 000 0 und d
041
_a
eng
082
_a
823 BAS
100
_a
BASU TAPAN
245
_a
TRANSLATING CASTE
260
_c
2002
_a
New Delhi
_b
Katha
300
_a
xxxv, : 262 : p. : cm. ; 22
365
_c
RS
_b
75
999
_c
7750
_d
7750